<?xml version="1.0" encoding="UTF-8"?><?xml-stylesheet type="text/xsl" href="static/style.xsl"?><OAI-PMH xmlns="http://www.openarchives.org/OAI/2.0/" xmlns:xsi="http://www.w3.org/2001/XMLSchema-instance" xsi:schemaLocation="http://www.openarchives.org/OAI/2.0/ http://www.openarchives.org/OAI/2.0/OAI-PMH.xsd"><responseDate>2026-04-13T07:01:02Z</responseDate><request verb="GetRecord" identifier="oai:www.recercat.cat:10459.1/66624" metadataPrefix="marc">https://recercat.cat/oai/request</request><GetRecord><record><header><identifier>oai:recercat.cat:10459.1/66624</identifier><datestamp>2024-12-05T23:04:19Z</datestamp><setSpec>com_2072_3622</setSpec><setSpec>col_2072_478537</setSpec></header><metadata><record xmlns="http://www.loc.gov/MARC21/slim" xmlns:dcterms="http://purl.org/dc/terms/" xmlns:xsi="http://www.w3.org/2001/XMLSchema-instance" xmlns:doc="http://www.lyncode.com/xoai" xsi:schemaLocation="http://www.loc.gov/MARC21/slim http://www.loc.gov/standards/marcxml/schema/MARC21slim.xsd">
   <leader>00925njm 22002777a 4500</leader>
   <datafield ind2=" " ind1=" " tag="042">
      <subfield code="a">dc</subfield>
   </datafield>
   <datafield ind2=" " ind1=" " tag="720">
      <subfield code="a">Trullols Tomás, Marina</subfield>
      <subfield code="e">author</subfield>
   </datafield>
   <datafield ind2=" " ind1=" " tag="260">
      <subfield code="c">2019-07-16T06:53:50Z</subfield>
   </datafield>
   <datafield ind2=" " ind1=" " tag="260">
      <subfield code="c">2019-07-16T06:53:50Z</subfield>
   </datafield>
   <datafield ind2=" " ind1=" " tag="260">
      <subfield code="c">2019</subfield>
   </datafield>
   <datafield ind2=" " ind1=" " tag="520">
      <subfield code="a">Introducció: La societat d’avui en dia imposa uns cànons de bellesa i una cultura de la imatge que afecta negativament, sobretot en grups influenciables com ara els i les adolescents i que pot provocar l’aparició de trastorns mentals com ara els Trastorns de Conducta Alimentària (TCA).La prevenció d’aquests trastorns en adolescents s’ha demostrat que és efectiva i, que ho és més, si es tracten alguns factors de risc com ara l’autoestima i la imatge corporal. A més, hi ha evidències que confirmen que el teatre és una eina molt útil per garantir l’èxit dels programes de prevenció. &#xd;
Objectiu: En el present projecte es planteja un programa de prevenció de TCA anomenat “S’aixeca el teló” en el qual els i les adolescents treballaran l’autoestima, l’alfabetització mediàtica i la imatge corporal. &#xd;
Metodologia: El present projecte d’intervenció és un programa de prevenció anomenat: “S’aixeca el teló”. El projecte consta d’una sèrie de sessions teatrals dirigides als i les adolescents de 1r i 2n d’ESO, mitjançant les tècniques del Teatre de l’Oprimit.  Està plantejat per dur-se a terme a l’Institut Almatà de Balaguer amb una durada d’un curs acadèmic. &#xd;
Avaluació: L’avaluació del programa es faria mitjançant tres escales validades i una reflexió, que es passarien abans i després de les diferents intervencions per tal de saber si el programa és efectiu.</subfield>
   </datafield>
   <datafield ind2=" " ind1=" " tag="520">
      <subfield code="a">Introduction: The society of today imposes standards of beauty and a culture of look that negatively affects, especially in easily influenced impressionable groups such as teenagers and that can cause the rise of mental disorders such as Eating Disorders. The prevention of these disorders in teenagers has been shown to be effective, specially when some risk factors such as self-esteem and body image are addressed. In addition, there is evidence to confirm that theatre plays are a very useful tool to guarantee the success of such prevention programs. &#xd;
Objective: In the present work an Eating Disorder prevention program named "S'aixeca el teló" is proposed. In this program, teenagers will work on self-esteem, media literacy and body image. &#xd;
Methodology: The present intervention project is a prevention program named "S'aixeca el teló". The project consists of a set of theatrical sessions aimed at teenagers of 1st and 2nd of ESO through the techniques of the "Theatre of the Oppressed". Is planned to be carried out at Institut Almatà in Balaguer and it would last for one academic year.  &#xd;
Evaluation: The evaluation of the program would be done through three validated scales and a reflection that would be done before and after the different interventions to understand the effectiveness of the program.</subfield>
   </datafield>
   <datafield ind1="8" ind2=" " tag="024">
      <subfield code="a">http://hdl.handle.net/10459.1/66624</subfield>
   </datafield>
   <datafield tag="653" ind2=" " ind1=" ">
      <subfield code="a">Trastorns de la conducta alimentària</subfield>
   </datafield>
   <datafield tag="653" ind2=" " ind1=" ">
      <subfield code="a">Adolescent</subfield>
   </datafield>
   <datafield tag="653" ind2=" " ind1=" ">
      <subfield code="a">Imatge corporal</subfield>
   </datafield>
   <datafield tag="653" ind2=" " ind1=" ">
      <subfield code="a">Mitjans de comunicació</subfield>
   </datafield>
   <datafield tag="653" ind2=" " ind1=" ">
      <subfield code="a">Teràpia artística</subfield>
   </datafield>
   <datafield tag="653" ind2=" " ind1=" ">
      <subfield code="a">Feeding and eating disorders</subfield>
   </datafield>
   <datafield tag="653" ind2=" " ind1=" ">
      <subfield code="a">Body image</subfield>
   </datafield>
   <datafield tag="653" ind2=" " ind1=" ">
      <subfield code="a">Communications media</subfield>
   </datafield>
   <datafield tag="653" ind2=" " ind1=" ">
      <subfield code="a">Art therapy</subfield>
   </datafield>
   <datafield tag="653" ind2=" " ind1=" ">
      <subfield code="a">Trastorns de la conducta alimentària</subfield>
   </datafield>
   <datafield tag="653" ind2=" " ind1=" ">
      <subfield code="a">Imatge del propi cos en els adolescents</subfield>
   </datafield>
   <datafield tag="653" ind2=" " ind1=" ">
      <subfield code="a">Mitjans de comunicació de massa</subfield>
   </datafield>
   <datafield ind2="0" ind1="0" tag="245">
      <subfield code="a">S'AIXECA EL TELÓ. Un projecte de prevenció de trastorns de la conducta alimentària en adolescents</subfield>
   </datafield>
</record></metadata></record></GetRecord></OAI-PMH>